Facultad de Odontología.  Biblioteca.  Nodo central                      



header.jpg

La llave del umbral / (Registro nro. 265)

Detalles MARC
000 -LEADER
campo de control de longitud fija 00589nam a2200193 4500
005 - FECHA Y HORA DE LA ÚLTIMA TRANSACCIÓN
campo de control 20220315161946.0
008 - DATOS DE LONGITUD FIJA--INFORMACIÓN GENERAL
campo de control de longitud fija 220314b |||||||| |||| 00| 0 sp d
040 ## - FUENTE DE CATALOGACIÓN
Centro catalogador/agencia de origen ODONTO
Centro/agencia transcriptor ODONTO
Centro/agencia modificador ODONTO
041 ## - CÓDIGO DE IDIOMA
Código de idioma del material acompañante/anexo si no son libretos y transcripciones spa
050 ## - SIGNATURA TOPOGRÁFICA DE LA BIBLIOTECA DEL CONGRESO
Número de clasificación C.E.863 S161
082 ## - NÚMERO DE LA CLASIFICACIÓN DECIMAL DEWEY
Número de clasificación Clasificación decimal de Dewey
245 13 - MENCIÓN DEL TÍTULO
Título La llave del umbral /
Mención de responsabilidad, etc. Salazar, Guilver. --
260 ## - PUBLICACIÓN, DISTRIBUCIÓN, ETC.
Lugar de publicación, distribución, etc. Guatemala :
Nombre del editor, distribuidor, etc. [s.n.],
Fecha de publicación, distribución, etc. 2008.
300 ## - DESCRIPCIÓN FÍSICA
Extensión 181 p. :
Dimensiones 21 cm.
650 02 - PUNTO DE ACCESO ADICIONAL DE MATERIA--TÉRMINO DE MATERIA
Término de materia o nombre geográfico como elemento de entrada Literatura guatemalteca
9 (RLIN) 737
650 02 - PUNTO DE ACCESO ADICIONAL DE MATERIA--TÉRMINO DE MATERIA
Término de materia o nombre geográfico como elemento de entrada Novela guatemalteca
9 (RLIN) 738
700 ## - ENTRADA AGREGADA--NOMBRE PERSONAL
Nombre de persona Salazar, Guilver
9 (RLIN) 798
942 ## - ELEMENTOS DE ENTRADA SECUNDARIOS (KOHA)
Fuente del sistema de clasificación o colocación Clasificación Decimal Dewey
Tipo de ítem Koha Libros
Prefijo de la signatura Clasificación Decimal Dewey
Suprimir en OPAC No
Existencias
Estatus retirado Estado de pérdida Fuente del sistema de clasificación o colocación Estado de daño No para préstamo Biblioteca de origen Biblioteca actual Ubicación en estantería Fecha de adquisición Fuente de adquisición Número de inventario Total de préstamos Signatura topográfica completa Código de barras Visto por última vez Tipo de ítem Koha
    Clasificación Decimal Dewey     Biblioteca de la Facultad de Odontología Biblioteca de la Facultad de Odontología Libros   Estudiantes FOUSAC. Donación pendiente   Clasificación decimal de Dewey L00003001 14/03/2022 Libros